the demarcation process of permanent forest reserve boundary by wildlife alliance organization in chi phat commune, thmor bang district, kohkong province (ដំណើរការកំណត់ព្រំប្រទល់ដែនព្រៃបំរុងទុកអចិន្ត្រៃយ៍ដោយអង្គការសម្ព័ន្ធមិត្តសត្វព្រៃ នៅឃុំជីផាត ស្រុកថ្មបាំង ខេត្តកោះកុង) (Record no. 3386)

000 -LEADER
fixed length control field 00866nam a22001577a 4500
003 - CONTROL NUMBER IDENTIFIER
control field OSt
005 - DATE AND TIME OF LATEST TRANSACTION
control field 20151116082605.0
008 - FIXED-LENGTH DATA ELEMENTS--GENERAL INFORMATION
fixed length control field 151113b xxu||||| |||| 00| 0 eng d
040 ## - CATALOGING SOURCE
Transcribing agency RUA
082 ## - DEWEY DECIMAL CLASSIFICATION NUMBER
Classification number FOR LAY 2008 B136 Or.1
100 ## - MAIN ENTRY--PERSONAL NAME
9 (RLIN) 3636
Personal name LAY, KAINGRAVVOUN.
245 ## - TITLE STATEMENT
Title the demarcation process of permanent forest reserve boundary by wildlife alliance organization in chi phat commune, thmor bang district, kohkong province (ដំណើរការកំណត់ព្រំប្រទល់ដែនព្រៃបំរុងទុកអចិន្ត្រៃយ៍ដោយអង្គការសម្ព័ន្ធមិត្តសត្វព្រៃ នៅឃុំជីផាត ស្រុកថ្មបាំង ខេត្តកោះកុង)
260 ## - PUBLICATION, DISTRIBUTION, ETC. (IMPRINT)
Place of publication, distribution, etc. Phnom Penh
Name of publisher, distributor, etc. RUA
Date of publication, distribution, etc. 2008
300 ## - PHYSICAL DESCRIPTION
Extent x, 49p.
Other physical details ill.
Dimensions 29cm.
942 ## - ADDED ENTRY ELEMENTS (KOHA)
Source of classification or shelving scheme
Koha item type FOR
Holdings
Price effective from Date last seen Permanent Location Not for loan Date acquired Source of classification or shelving scheme Koha item type Barcode Lost status Damaged status Shelving location Withdrawn status Current Location Full call number
2015-11-132015-11-13Library Block B 2015-11-13 FORRUA028414  B136 Library Block BFOR LAY 2008 B136 Or.1
2015-11-132015-11-13Library Block B 2015-11-13 FORRUA028057  B136 Library Block BFOR LAY 2008 B136 Or.2
2015-11-132015-11-13Library Block B 2015-11-13 FORRUA028415  B136 Library Block BFOR LAY 2008 B136 Or.3
2015-11-132015-11-13Library Block B 2015-11-13 FORRUA028343  B136 Library Block BFOR LAY 2008 B136 Or.4
2015-11-132015-11-13Library Block B 2015-11-13 FORRUA028338  B136 Library Block BFOR LAY 2008 B136 Or.5
2015-11-132015-11-13Library Block B 2015-11-13 FORRUA028486  B136 Library Block BFOR LAY 2008 B136 Or.6
2015-11-132015-11-13Library Block B 2015-11-13 FORRUA027112  B136 Library Block BFOR LAY 2008 B136 Or.7
2015-11-132015-11-13Library Block B 2015-11-13 FORRUA027354  B136 Library Block BFOR LAY 2008 B136 Or.8
2015-11-132015-11-13Library Block B 2015-11-13 FORRUA025590  B136 Library Block BFOR LAY 2008 B136 Or.9
2015-11-132015-11-13Library Block B 2015-11-13 FORRUA025518  B136 Library Block BFOR LAY 2008 B136 Or.10
មជ្ឈមណ្ឌលឯការនៃសាកលវិទ្យាល័យភូមិន្ទកសិកម្មចំការដូង

Powered by Koha